[Event "SRB-chT (Women)"]
[Site "Palic"]
[Date "2014.09.04"]
[Round "6.1"]
[White "Mijic, Mira"]
[Black "Injac, Teodora"]
[Result "0-1"]
[WhiteElo "1983"]
[BlackElo "2003"]
[PlyCount "116"]
[EventDate "2014.08.30"]
[EventType "team-tourn"]
[EventRounds "11"]
[EventCountry "SRB"]
[SourceTitle "CBM 162 Extra"]
[Source "ChessBase"]
[SourceDate "2014.10.17"]
[SourceVersion "1"]
[SourceVersionDate "2014.10.17"]
[SourceQuality "1"]
[WhiteTeam "Novi Sad DDOR (W)"]
[BlackTeam "Belgrade Radnicki (W)"]
[WhiteTeamCountry "SRB"]
[BlackTeamCountry "SRB"]

1. e4 e6 2. d4 d5 3. Nd2 c5 4. c3 Nc6 5. Ngf3 Nf6 6. e5 Nd7 7. Bd3 f6 8. Qc2 f5 9. a3 a5 10. Nf1 Be7 11. h4 cxd4 12. cxd4 Qb6 13. Be3 Nf8 14. Ng3 Bd7 15. Ne2 Rc8 16. Qd2 h6 17. Nf4 a4 18. Rc1 Rg8 19. 0-0 g5 20. Nh5 g4 21. Nh2 Bxh4 22. Bxh6 Qxd4 23. g3 Be7 24. Rfe1 Qb6 25. Bxf5 Nd4 26. Rxc8+ Bxc8 27. Bd3 Nb3 28. Qf4 Qd4 29. Bb5+ Bd7 30. Bxd7+ Kxd7 31. Nf6+ Bxf6 32. Qxf6 Ng6 33. Qf7+ Ne7 34. Bf8 Rxf8 35. Qxf8 Nd2 36. Qb8 Qb6 37. Re2 Qxb2 38. Rxd2 Qxd2 39. Qxb7+ Ke8 40. Qb5+ Kf7 41. Qxa4 Qe1+ 42. Kg2 Qxe5 43. Nxg4 Qd6 44. Qf4+ Qxf4 45. gxf4 Nf5 46. a4 Ke7 47. Ne3 Nd4 48. Kf1 Kd6 49. Ke1 Kc5 50. Kd2 Kb4 51. Kd3 Nc6 52. f3 Kxa4 53. Nxd5 exd5 54. f5 Kb5 55. f6 Kc5 56. f4 Kd6 57. f5 Ne5+ 58. Kd4 Nf7 0-1

[Event "SRB-chT (Women)"]
[Site "Palic"]
[Date "2014.09.02"]
[Round "4.2"]
[White "Mijic, Mira"]
[Black "Tomin, Ksenija"]
[Result "0-1"]
[WhiteElo "1983"]
[BlackElo "2066"]
[PlyCount "74"]
[EventDate "2014.08.30"]
[EventType "team-tourn"]
[EventRounds "11"]
[EventCountry "SRB"]
[SourceTitle "CBM 162 Extra"]
[Source "ChessBase"]
[SourceDate "2014.10.17"]
[SourceVersion "1"]
[SourceVersionDate "2014.10.17"]
[SourceQuality "1"]
[WhiteTeam "Novi Sad DDOR (W)"]
[BlackTeam "Novi Sad SK (W)"]
[WhiteTeamCountry "SRB"]
[BlackTeamCountry "SRB"]

1. e4 c5 2. Nf3 e6 3. d4 cxd4 4. Nxd4 a6 5. Bd3 Bc5 6. Nb3 Be7 7. c4 d6 8. Nc3 Nf6 9. 0-0 0-0 10. Be3 b6 11. Rc1 Nbd7 12. Nd4 Bb7 13. f3 Rc8 14. Nce2 Qc7 15. Qe1 Qb8 16. b3 Bd8 17. g4 d5 18. exd5 Ne5 19. Bb1 exd5 20. Bf4 Bc7 21. Nf5 Rfe8 22. Qg3 dxc4 23. bxc4 Nxf3+ 24. Rxf3 Rxe2 25. Bxc7 Qxc7 26. Qxc7 Rxc7 27. Rg3 Rd7 28. h3 Rdd2 29. Rd3 Rg2+ 30. Kf1 Rxd3 31. Bxd3 Rh2 32. Re1 Rxh3 33. g5 Rh1+ 34. Kf2 Ng4+ 35. Ke2 Rxe1+ 36. Kxe1 Ne5 37. Be2 Nf3+ 0-1

[Event "SRB-chT (Women)"]
[Site "Palic"]
[Date "2014.08.31"]
[Round "2.3"]
[White "Mijic, Mira"]
[Black "Rakic, Marija"]
[Result "0-1"]
[WhiteElo "1983"]
[BlackElo "2323"]
[PlyCount "58"]
[EventDate "2014.08.30"]
[EventType "team-tourn"]
[EventRounds "11"]
[EventCountry "SRB"]
[SourceTitle "CBM 162 Extra"]
[Source "ChessBase"]
[SourceDate "2014.10.17"]
[SourceVersion "1"]
[SourceVersionDate "2014.10.17"]
[SourceQuality "1"]
[WhiteTeam "Novi Sad DDOR (W)"]
[BlackTeam "Goracici Jelica (W)"]
[WhiteTeamCountry "SRB"]
[BlackTeamCountry "SRB"]

1. e4 g6 2. d4 Bg7 3. Nf3 d6 4. Be3 Nf6 5. Nc3 c6 6. h3 b5 7. Bd3 a6 8. 0-0 0-0 9. Qd2 Bb7 10. Bh6 c5 11. Bxg7 Kxg7 12. Rfe1 c4 13. Bf1 b4 14. Nd5 Nxd5 15. exd5 Bxd5 16. Qxb4 Qc7 17. Qc3 Rc8 18. Qe3 e6 19. c3 Nd7 20. Ng5 Rab8 21. Rab1 Rb6 22. f4 Nf6 23. Re2 Rcb8 24. g4 h6 25. Nf3 Be4 26. Rbe1 Bd3 27. Rg2 Bxf1 28. Rxf1 Rxb2 29. Rff2 Nd5 0-1

[Event "SRB-chT (Women)"]
[Site "Palic"]
[Date "2014.08.30"]
[Round "1.2"]
[White "Stojanovic, Andjelija"]
[Black "Mijic, Mira"]
[Result "1-0"]
[WhiteElo "2297"]
[BlackElo "1983"]
[PlyCount "65"]
[EventDate "2014.08.30"]
[EventType "team-tourn"]
[EventRounds "11"]
[EventCountry "SRB"]
[SourceTitle "CBM 162 Extra"]
[Source "ChessBase"]
[SourceDate "2014.10.17"]
[SourceVersion "1"]
[SourceVersionDate "2014.10.17"]
[SourceQuality "1"]
[WhiteTeam "Belgrade BAS (W)"]
[BlackTeam "Novi Sad DDOR (W)"]
[WhiteTeamCountry "SRB"]
[BlackTeamCountry "SRB"]

1. Nf3 Nf6 2. c4 g6 3. g3 Bg7 4. Bg2 0-0 5. 0-0 d6 6. d4 e6 7. Nc3 Nc6 8. d5 Ne7 9. dxe6 fxe6 10. e4 e5 11. c5 Kh8 12. cxd6 cxd6 13. Nb5 Nxe4 14. Ng5 Nxg5 15. Bxg5 h6 16. Nxd6 Be6 17. Be3 Nf5 18. Bc5 Nxd6 19. Qxd6 Qxd6 20. Bxd6 Rfd8 21. Bxb7 Rxd6 22. Bxa8 Rd2 23. Be4 Bf5 24. Bxf5 gxf5 25. Rfd1 Rxb2 26. Rab1 Rxb1 27. Rxb1 e4 28. Rb8+ Kh7 29. Rb7 a5 30. Ra7 Kg6 31. Rxa5 Bc3 32. Ra6+ Kg5 33. Kg2 1-0

[Event "Pula tt2"]
[Site "Pula"]
[Date "1990.??.??"]
[Round "3"]
[White "Stadler, Tereza"]
[Black "Mijic, Mira"]
[Result "1-0"]
[WhiteElo "2155"]
[BlackElo "2075"]
[PlyCount "69"]
[EventDate "1990.??.??"]
[EventType "team"]
[EventRounds "11"]
[EventCountry "YUG"]
[SourceTitle "EXT 2000"]
[Source "ChessBase"]
[SourceDate "1999.11.16"]
[SourceVersion "1"]
[SourceVersionDate "1999.11.16"]
[SourceQuality "1"]

1. d4 Nf6 2. c4 g6 3. Nc3 Bg7 4. e4 d6 5. Be2 0-0 6. Be3 Nbd7 7. f3 c5 8. Nh3 a6 9. Nf2 cxd4 10. Bxd4 e6 11. 0-0 Qc7 12. Be3 Ne5 13. Na4 Nfd7 14. Rc1 Nc5 15. b4 Nxa4 16. Qxa4 Bd7 17. Qb3 Nc6 18. Rfd1 Rfd8 19. b5 Na5 20. Qb4 b6 21. Qxd6 Qxd6 22. Rxd6 Be5 23. Rd2 axb5 24. cxb5 Be8 25. Rxd8 Rxd8 26. Bxb6 Ra8 27. Ng4 Bg7 28. Rc7 h5 29. Ne3 Bh6 30. g3 Rb8 31. Bd4 e5 32. Bc5 Bxb5 33. Bxb5 Rxb5 34. Ba7 Bxe3+ 35. Bxe3 1-0

[Event "YUG-chT 40th"]
[Site "Brezovica"]
[Date "1988.??.??"]
[Round "?"]
[White "Mijic, Mira"]
[Black "Maric, Mirjana"]
[Result "0-1"]
[WhiteElo "2085"]
[BlackElo "2255"]
[PlyCount "44"]
[EventDate "1988.??.??"]
[EventType "team"]
[EventRounds "9"]
[EventCountry "YUG"]
[SourceTitle "EXT 2009"]
[Source "ChessBase"]
[SourceDate "2008.11.26"]
[SourceVersion "1"]
[SourceVersionDate "2008.11.26"]
[SourceQuality "1"]

1. e4 e5 2. Nf3 Nf6 3. d4 Nxe4 4. Bd3 d5 5. Nxe5 Nd7 6. c4 Bb4+ 7. Bd2 Nxd2 8. Nxd2 0-0 9. 0-0 Nxe5 10. dxe5 Bxd2 11. Qxd2 dxc4 12. Bxh7+ Kxh7 13. Qc2+ Qd3 14. Qc1 Be6 15. Rd1 Qf5 16. Rd4 Qxe5 17. Qc3 Qf6 18. g3 Kg8 19. Qe3 Rad8 20. Rh4 Qxb2 21. Re1 Qd2 22. Qe4 Qd3 0-1